Proyecto de desarrollo de infraestructura en la 3ra. Brigada de Infantería del Ejército de República Dominicana para albergar personal femenino : (Registro nro. 8731)

Detalles MARC
000 -CABECERA
campo de control de longitud fija 02780nam a22002777a 4500
003 - IDENTIFICADOR DEL NÚMERO DE CONTROL
campo de control DO-SdBJH
005 - FECHA Y HORA DE LA ÚLTIMA TRANSACCIÓN
campo de control 20260630221200.0
008 - DATOS DE LONGITUD FIJA--INFORMACIÓN GENERAL
campo de control de longitud fija 260630b2025 |||do||| |||| 00| 0 spa d
040 ## - FUENTE DE LA CATALOGACIÓN
Centro catalogador/agencia de origen DO-SdBJH
Lengua de catalogación spa
Centro/agencia transcriptor DO-SdBJH
041 0# - CÓDIGO DE LENGUA
Código de lengua del texto/banda sonora o título independiente spa
090 ## - LOCALMENTE ASIGNADO TIPO-LC NÚMERO DE CLASIFICACIÓN (OCLC); NÚMERO DE CLASIFICACIÓN LOCAL (RLIN)
Número de clasificación (OCLC) (R) ; Numero de clasificación, CALL (RLIN) (NR) CT CM-0007
Número cutter local (OCLC) ; Número de libro/Signatura topográfica íntegra, CALL (RLIN) AMBC 2025
100 1# - ENTRADA PRINCIPAL--NOMBRE DE PERSONA
Nombre de persona Aquino Fragoso, Emmanuel
Término indicativo de función/relación sustentante
245 10 - MENCIÓN DE TÍTULO
Título Proyecto de desarrollo de infraestructura en la 3ra. Brigada de Infantería del Ejército de República Dominicana para albergar personal femenino :
Resto del título año 2025 /
Mención de responsabilidad, etc. Emmanuel Aquino Fragoso, Miledy Feliz Ruiz ; asesor de contenido Wilson Brito Mejía ; asesor metodológico David Aguiar.
260 ## - PUBLICACIÓN, DISTRIBUCIÓN, ETC.
Lugar de publicación, distribución, etc. Santo Domingo, República Dominicana :
Nombre del editor, distribuidor, etc. UNADE,
Fecha de publicación, distribución, etc. 2025.
300 ## - DESCRIPCIÓN FÍSICA
Extensión xv, 83, [04] páginas :
Otras características físicas gráficas, fotografías.
502 ## - NOTA DE TESIS
Nota de tesis Tesis y trabajos de grado (Licenciatura en Ciencias Militares)--Universidad Nacional para la Defensa "General Juan Pablo Duarte y Díez", Academia Militar "Batalla de las Carreras", Santo Domingo, 2025.
504 ## - NOTA DE BIBLIOGRAFÍA, ETC.
Nota de bibliografía, etc. Incluye referencias bibliográficas y anexos.
505 ## - NOTA DE CONTENIDO CON FORMATO
Nota de contenido con formato Determinar las necesidades especificas del personal femenino en la 3ra Brigada de Infantería, ERD, en cuanto a infraestructura y servicios -- Desafíos potenciales en el proceso de construcción y mantenimiento de la infraestructura destinada al personal femenino en la 3ra Brigada de infantería, ERD -- Construcción de infraestructuras adecuadas para albergar personal femenino en la 3ra Brigada de infantería del Ejercito de ERD.
520 ## - SUMARIO, ETC.
Sumario, etc. En el presente trabajo de investigación se propone la creación de un Proyecto de Desarrollo de Infraestructura en la 3ra Brigada de Infantería del Ejercito de la República Dominicana, cuyo objetivo principal es la educación y construcción de instalaciones destinadas a albergar personal femenino, en un esfuerzo por mejorar la infraestructura militar y garantizar condiciones adecuadas para todos los miembros de la institución. Este proyecto representa un avance significativo en la modernización de la Tercera Brigada de Infantería, ya que no solo busca optimizar la eficacia operacional, sino también promover valores fundamentales como la igualdad, la inclusión y el respeto entre todo el personal que integra el Ejercito de la República Dominicana
650 #7 - PUNTO DE ACCESO ADICIONAL DE MATERIA--TÉRMINO DE MATERIA
Fuente del encabezamiento o término lemb
Término de materia o nombre geográfico como elemento de entrada Mujeres militares
Subdivisión de forma Tesis y disertaciones académicas
Subdivisión general Alojamiento ‡x Infraestructura militar
Subdivisión cronológica Siglo XXI
Subdivisión geográfica República Dominicana
650 #7 - PUNTO DE ACCESO ADICIONAL DE MATERIA--TÉRMINO DE MATERIA
Fuente del encabezamiento o término lemb
Término de materia o nombre geográfico como elemento de entrada Ejército de República Dominicana
Subdivisión de forma Tesis y disertaciones académicas
Subdivisión general Instalaciones militares
-- Planificación
-- Personal femenino
Subdivisión cronológica Siglo XXI
Subdivisión geográfica República Dominicana
700 1# - PUNTO DE ACCESO ADICIONAL--NOMBRE DE PERSONA
Nombre de persona Miledy Feliz Ruiz ;
Término indicativo de función/relación sustentante
700 1# - PUNTO DE ACCESO ADICIONAL--NOMBRE DE PERSONA
Nombre de persona Brito Mejía, Wilson
Término indicativo de función/relación asesor de contenido
700 1# - PUNTO DE ACCESO ADICIONAL--NOMBRE DE PERSONA
Nombre de persona Aguiar, David
Término indicativo de función/relación asesor metodológico
942 ## - ELEMENTOS DE PUNTO DE ACCESO ADICIONAL (KOHA)
Fuente del sistema de clasificación o colocación Clasificación Local
Tipo de ítem Koha Tesis
Existencias
Estado de retiro Estado de pérdida Fuente del sistema de clasificación o colocación Estado dañado No para préstamo Código de colección Localización permanente Ubicación/localización actual Ubicación en estantería Fecha de adquisición Número de inventario Total de préstamos Signatura topográfica completa Código de barras Fecha visto por última vez Número de copia Precio válido a partir de Tipo de ítem Koha
    Clasificación Local     Trabajos de Grado e Investigción SIBM UNADE - Biblioteca Sede Central SIBM UNADE - Biblioteca Sede Central En estantería 06/30/2026 25-02589   CT CM-0007 AMBC 2025 25-02589 06/30/2026 e.1 06/30/2026 Tesis
© Copyright 2016. Universidad Nacional para la Defensa.Todos los derechos reservados.

 

Designed & Maintained by: https://www.sibdweb.com.do
Sistema de Información & Bibliotecas (SIBD). Contact: pbrito2005@gmail.com